| 000 | 01174nam a22003497a 4500 | ||
|---|---|---|---|
| 003 | CHAP | ||
| 005 | 20220329142427.0 | ||
| 008 | 010118d us a r 00110 eng d | ||
| 010 | _a83277 | ||
| 011 | _a84249 | ||
| 020 | _a0412810409 | ||
| 035 | _a94768 | ||
| 040 | _cCHAP | ||
| 082 | 0 | 4 |
_a581.5 _bL35 |
| 100 | 0 | 0 |
_aLangan, Simon J. _e, ed. _964730 |
| 245 | 1 | 4 |
_aThe impact of nitrogen deposition on natural and semi-natural ecosystems _c/ed. by Simon J. Langan |
| 260 |
_aDordrecht, The Netherlands : _bKluwer Academic Publishers, _cc.1999. |
||
| 300 |
_a251 p. : _bilus. ; gráfs. |
||
| 490 | 0 |
_aEnvironmental pollution _v; 3 |
|
| 590 |
_aBATCH-UPD _b10 _c20130110 _lUCH01 _h1811 |
||
| 590 |
_aBATCH-UPD _b10 _c20130410 _lUCH01 _h1146 |
||
| 590 |
_aBATCH-UPD _b10 _c20130914 _lUCH01 _h1258 |
||
| 590 |
_aCONVERSION _b10 _c20130109 _lUCH01 _h1346 |
||
| 650 | 1 | 4 |
_aEcosistema. _935290 |
| 650 | 1 | 4 |
_aMedio ambiente. _974065 |
| 650 | 1 | 4 |
_aNitrógeno. _981398 |
| 830 | 0 | 0 |
_aEnvironmental pollution _v; 3 _937182 |
| 901 | _aBK | ||
| 905 | _aPatricia Mendoza P. | ||
| 942 | _cLIBRO | ||
| 949 |
_a581.5 L35 _bBC _cLIBRO _d33724000812806 _eLIBRO _g208938 _h98977 _i94768 _sex _t$1,132.80 |
||
| 999 |
_c83277 _d83277 |
||